[Event "E World Chess Cup"]
[Site "FIDE"]
[Date "2015.10.02"]
[Round "56.1"]
[White "Karjakin, Sergey"]
[Black "Svidler, Peter"]
[Result "0-1"]
[WhiteElo "2753"]
[BlackElo "2727"]
[EventDate "2015.??.??"]
[Annotator "Bojkov,Dejan"]
[PlyCount "76"]
[Beauty "7770556335646"]
[EventType "team-tourn"]
[EventCountry "FID"]
[WhiteClock "0:14:23"]
[BlackClock "0:02:37"]

{[Annotation by GM Dejan Bojkov]} 
1.e4 e5 2.Nf3 Nc6 3.Bb5 {The Ruy Lopez was the most expected opening in this game. It served Svidler very well so far and Karjakin would not mind the complex, rich positions that he can get.} 3...a6 4.Ba4 Nf6 5.O-O Be7 6.Re1 b5 7.Bb3 O-O 8.c3 d6 9.h3 Nb8 {Today's choice is the Breyer line. Black reroutes the c6-knight to d7 and opens up the bishop on b7. The other one may go to g7 in order to open the e-file and put more pressure on White's center. This line was a favorite one to the 12th world champion, Anatoly Karpov, in the mid-seventies and the beginning of the eighties.} 10.d4 Nbd7 11.Nbd2 Bb7 12.Bc2 Re8 13.a4 Bf8 14.Bd3 c6 15.Qc2 ( {Another plan is} 15.Nf1 Qc7 16.Ng3 g6 17.Bg5 {as in Dominguez Perez,L (2732)-Adams,M (2742) Baku 2015} ) 15...Rc8 16.axb5 axb5 17.b4 c5 {"A very new interesting, sharp idea which probably solves Black's problems" Svidler. The Russian GM revealed also that this was an idea of a friend who told him about it in a conversation through Skype. The name(s) of the helper(s) remained a secret.} ( {Previously Black had developed with} 17...Qc7 18.Bb2 Ra8 19.Rad1 Nb6 20.c4 {as in the game Karjakin,S (2767)-Carlsen,M (2868) Stavanger 2013. Svidler also mentioned that he lost a similar position to his opponent before and was aware how strong Karjakin is in these type of positions.} ) 18.bxc5 {The only move to play for the advantage. Both} ( 18.dxc5 dxc5 19.Bxb5 cxb4 ) ( {and} 18.Bxb5 cxb4 {promise White no advantage at all.} ( 18...cxd4 ) ) 18...exd4 19.c6 $5 {A surprise for Svidler, who criticized himself for the following play.} ( {The main line which he analyzed was} 19.Nxd4 {when Black should continue} 19...b4 {and then} 20.c6 {is best and might have transposed to the game. Instead, the obvious} ( 20.cxb4 $6 dxc5 21.bxc5 $2 {loses to} 21...Bxc5 {and White cannot excape with the d4 knight due to the discovered check on f2.} ) ) 19...dxc3 {Black believed this should lead to a forced draw. Otherwise he would have gone back into the main line of his analysis with} ( 19...Bxc6 20.Nxd4 b4 {Let's go a bit further here} 21.Ba6 {Now I suspect that the main line was this:} ( 21.cxb4 {is immediately equal after} 21...Bxe4 22.Qb3 Bxd3 23.Rxe8 Nxe8 24.Qxd3 Qb6 ) 21...bxc3 ( {Although Black may go as well for} 21...Rc7 22.cxb4 Bxe4 ( 22...Bb5 $5 ) 23.Qd1 {The computer claims a slight advantage for White but since many pawns were already traded and the queenside pawns have almost disappeared completely, Black should hold. And Black had definitely analyzed this further.} ) 22.Bxc8 cxd2 23.Bxd2 Bxe4 24.Bxd7 Bxc2 25.Bxe8 Nxe8 ) 20.cxb7 ( {Not} 20.cxd7 cxd2 21.Qxd2 Nxd7 {where White has to hold.} ) 20...cxd2 21.Qxd2 $1 {Clearly better than} ( 21.bxc8=Q dxe1=Q+ 22.Nxe1 Qxc8 23.Bxb5 Qxc2 24.Nxc2 Rxe4 {when everything disappears and the game peters out to a draw.} ) 21...Rb8 22.Bxb5 Qb6 {From far away Svidler was planning} ( 22...Rxb7 23.Bc6 Rb6 24.Nd4 ( {But here he saw the unpleasant resource} 24.Ra8 $1 {and dismissed the line. Actually, after} 24...Qc7 25.Rxe8 Nxe8 26.Ba4 Nef6 {the position will be very similar to the one in the game.} ) 24...Qc7 ) 23.Rb1 Qxb7 24.Bd3 Qa8 25.Rxb8 Rxb8 26.Bb2 {Plenty of material has been traded but Black is not yet quite there. Karjakin has the bishop pair and the pawn on d6 might be a target, thus Svidler has to play energetically.} 26...Qa2 $1 27.Re2 $1 {The best move to keep as many pieces on the board as he can.} ( 27.Bd4 Qxd2 28.Nxd2 g6 {should be a draw.} ) 27...h6 {Svidler wanted to trade off everything after} ( 27...d5 {but was not sure about the line} 28.e5 ( 28.Bxf6 Qxd2 29.Rxd2 Nxf6 30.exd5 {was fine with Black, he knew he can hold this.} ) 28...Ne4 {It seems as Black is fine indeed:} 29.Qc2 Ndc5 30.Bd4 Qxc2 31.Bxc2 Ne6 ) 28.Qc1 {Karjakin regroups and creates a simple threat in the process: Bb2xf6.} 28...Qb3 29.Bc4 Qb7 30.Qd1 {A tough position for both the players. White has a slight edge but no real way to increase it. Black on his turn has no safe path to the draw. On the top of that Svidler was getting low on time.} ( {Nothing gives} 30.Qf4 Qc6 {when the bishop has no good squares:} 31.Ba2 Qa6 $1 {(Svidler) Although this is a draw after} 32.Qe3 Qxa2 33.Bxf6 ) ( {An important resource for him is} 30.Bxf6 Nxf6 31.e5 Qb1 {(Svidler)} ) ( 30.e5 dxe5 31.Nxe5 Nxe5 32.Bxe5 Qb1 ) 30...Re8 {The pressure on the e4-pawn forces White to trade pieces.} 31.Bxf6 Nxf6 32.e5 dxe5 33.Nxe5 Re7 34.Qd4 ( {Karjakin suggested the semi-waiting move} 34.g3 {after the game, but also showed what he did not like:} 34...Nd7 35.Bd5 Qb5 36.Bc6 Qxe5 ( 36...Qc5 {is easier} ) 37.Rxe5 Nxe5 {with a fortress.} ) ( {Low on time and close to his aim Svidler saw ghosts in the lines after} 34.Qd8 Qb4 {is a third way to defend.} ( 34...Qc7 35.Nxf7 $1 {he thought this is winning for White but Black has the cold-blooded} 35...Qxc4 36.Rxe7 Qc1+ 37.Kh2 Qf4+ {with perpetual.} ) ( {And in the beautiful line that he had calculated} 34...Qb1+ 35.Kh2 Qf5 36.Ng6 $1 {White indeed wins after the obvious} 36...Rxe2 ( {But} 36...Re8 $1 {which Svidler also saw (but was not sure about) was a forced draw} 37.Rxe8 Nxe8 38.Qxe8 Qxg6 ) 37.Qxf8+ Kh7 38.Bxf7 {as Black has only one check (Svidler).} ) ) 34...Nd7 35.Nxf7 {Which is OK. A more interesting attempt was} ( 35.Rb2 $5 {when Black has to avoid} 35...Qxb2 $2 ( {And has to defend with} 35...Qc7 {White can still try various things, say} 36.Bxf7+ Rxf7 37.Nxf7 Kxf7 38.Qd5+ Kg6 39.Qe4+ Kf7 40.Rb7 Qd6 41.Qf5+ Ke8 {but Black should hold.} ) 36.Bxf7+ $1 {(Svidler)} ) 35...Rxf7 36.Rb2 Qc6 {The critical position of the game and maybe the match. The game was heading towards a draw which meant that Karjakin would have only one more white game till the end to try and level the score. He tried} 37.Rb5 $4 {which is a tragical mistake!} ( {It was time to force a draw with} 37.Qd5 Qxd5 38.Bxd5 g5 39.Rb7 Ne5 ) 37...Kh8 $1 {All of a sudden, Black wins a piece. With three minutes on the clock Svidler almost went for the drawish line after} ( 37...Nf6 ) 38.Rd5 {Makes things easier, but Black was already winning anyway after} ( 38.Bxf7 Qxb5 ) 38...Nb6 {It is over, Black wins a whole rook.} 0-1

[Event "van Foreest-Timman m 2015"]
[Site "Hoogeveen NED"]
[Date "2015.10.20"]
[Round "3"]
[White "Van Foreest, Jorden"]
[Black "Timman, Jan H"]
[Result "0-1"]
[WhiteElo "2548"]
[BlackElo "2562"]
[EventDate "2015.10.18"]
[Annotator "Bojkov,Dejan"]
[PlyCount "78"]
[Beauty "7700205288994"]
[EventType "game"]
[EventCountry "NED"]

1.e4 c6 2.d4 d5 3.e5 Bf5 {In the advanced line of the Caro-Kann both sides have reasons to be happy. Black enjoys the fact that unlike the French defense his light-squared bishop is outside the pawn chain. White on the other hand is happy that this same bishop is out and can be hit by the white kingside pawns with tempoes.} 4.Nf3 e6 5.Be2 Nd7 6.O-O Ne7 7.Nbd2 h6 8.c3 ( 8.Nb3 {is the common move in the position, but some days before Ponomariov played a game in which he first went for b2-b4 and then placed the knight on b3, thus discouraging Black from castling queenside.} ) 8...Qc7 ( {The aforementioned game went} 8...a6 9.b4 Bh7 10.Nb3 {when Khairulin indeed did not like the idea to castle on the queenside and went} 10...Ng6 11.a4 Be7 12.Bd3 O-O 13.g3 f6 14.exf6 Rxf6 15.Qe2 {with advantage for White, Ponomariov,R (2710) -Khairullin,I (2652) Berlin 2015} ) 9.Re1 ( {Both Caruana and Bok switched to the main line here with} 9.Nb3 {although after} 9...O-O-O ( 9...g5 10.Ne1 O-O-O 11.Nd3 {is perhaps a bit better for White, Caruana,F (2727)-Rombaldoni,D (2533) Perugia 2011} ) 10.Ne1 f6 11.exf6 gxf6 {Black did fine in Bok,B (2590) -Shankland,S (2616) Fagernes 2014} ) ( {I wonder why White did not proceed with} 9.b4 Ng6 ( {Perhaps Van Foreest did not like} 9...a5 $5 ) 10.Nb3 f6 11.Ne1 ( 11.Bd3 $5 ) 11...Ne7 12.exf6 gxf6 13.Bh5+ Kd8 14.Nd3 {with advantage for White in De la Riva Aguado,O (2525)-Roos,D (2410) France 2007} ) 9...c5 10.Nf1 ( {The computer strongly recommends} 10.dxc5 {with an active piece play after} 10...Nc6 11.Nd4 Bg6 12.b4 Ncxe5 13.N2f3 {Maybe some of the Chess.com members will give this idea a try?} ) 10...Nc6 11.Ng3 ( {A novelty, in comparison to the previously seen} 11.a3 c4 12.Be3 b5 13.N3d2 Be7 {with equality in Cemborain Oricain,A-Delgado Montanes,J Pamplona 2000} ) 11...Bg6 12.Be3 Be7 13.a3 c4 {Now we have a true Advanced French where the black bishop somehow made it to g6 from the d7 square (which should favor him), while the white knight went from b1 to g3. The latter should be good for White if he has a chance to quickly advance his f-pawn to f5.} 14.Nd2 O-O-O 15.f4 f5 $1 {This pawn should be stopped permanently as soon as possible.} 16.Rb1 $6 {This looks slow. In the spirit of the position was:} ( 16.b3 cxb3 17.c4 $5 {with complications, say} 17...b2 18.Ra2 dxc4 19.Nxc4 Nb6 20.Rxb2 Nxd4 $5 21.Nd6+ Bxd6 22.exd6 Nxe2+ 23.Qxe2 Qxd6 24.Rd2 {with compensation for the pawns.} ) ( {Another idea is} 16.exf6 Nxf6 17.Bg4 {with unclear game.} ) 16...Nb6 {Now Timman stabilizes the situation and prepares a counter-attack on the kingside.} 17.Ngf1 ( 17.b3 cxb3 18.c4 dxc4 19.Bxc4 Nxc4 20.Nxc4 Kb8 ) 17...Kb8 ( 17...Na5 $5 ) 18.Bf2 Be8 $1 {A nice prophylactical idea. Timman wants to kill any play on the queenside.} ( 18...Bf7 19.Ne3 g5 {is aslo good for Black.} ) 19.Ne3 g5 20.g3 Na5 {The point behind the maneuver Bg6-e8. The bishop will reach the a4-square, as in the French!} 21.Bf3 Ba4 22.Qe2 Rdg8 {Black's advantage is indisputable and the game is rather one-sided.} 23.fxg5 ( 23.Ng2 $4 g4 ) ( {In case of} 23.Kh1 {Black can open files with} 23...g4 24.Bg2 h5 25.Kg1 h4 ) 23...hxg5 24.g4 {This puts more petrol in the fire, but it is hard to give any reasonable advance to White.} 24...f4 25.Nef1 Be8 $1 {THIS bishop again.} 26.Qd1 Bg6 27.Ra1 Bd8 {Now that the queen joins the attack the end is getting closer.} 28.Qc1 Rh6 29.Kh1 Rgh8 30.Bg1 Qh7 31.Re2 Rh3 {With the idea to sacrifice the exchange in many lines.} 32.Bg2 Rh4 33.Bf3 Rh3 34.Bg2 Bd3 35.Rf2 ( {Or else White's position crumbles after} 35.Bxh3 Bxe2 36.Bg2 Bxg4 ) 35...Nb3 $1 {Timman does not forget about his knights. They are coming for the point.} 36.Nxb3 cxb3 37.Qd1 {The exchange is taboo:} ( 37.Bxh3 Qxh3 38.Nd2 Nc4 39.Nxc4 Be4+ {with mate on the light squares.} ) 37...Nc4 38.Qxb3 Ne3 39.Qb4 Nxf1 {White resigned due to the mate:} ( 39...Nxf1 40.Bxf1 Be4+ 41.Bg2 Rxh2+ 42.Bxh2 Qxh2# {A model game by the former World Championship Challenger! But it is quite obvious that Van Foreest does not have the French Advance in his opening repertoire.} ) 0-1

[Event "Open European Team Championship"]
[Site "?"]
[Date "2015.11.16"]
[Round "4.1"]
[White "Jobava, Baadur"]
[Black "Saric, Ivan"]
[Result "1-0"]
[WhiteElo "2668"]
[BlackElo "2652"]
[EventDate "2015.??.??"]
[Annotator "Bojkov,Dejan"]
[PlyCount "115"]
[Beauty "6531168871432"]
[EventType "team-tourn"]
[WhiteClock "0:38:47"]
[BlackClock "0:29:55"]

{[Annotations by GM Dejan Bojkov]} 
1.e4 e5 2.Nf3 Nc6 3.c3 {You did not expect Jobava to play the Ruy Lopez, did you? Ponziani is so much more fun than 20-25 moves of theory...} 3...Nf6 {The main move. According to my Megabase Saric had never played against this opening in official game. But he live-witnessed Carlsen's games against Harikrishna and Hou Yifan in Wijk aan Zee 2013.} 4.d4 Nxe4 ( {Actually, Jobava had a game in Ponziani this year already, but his opponent deviated from the main paths with} 4...d6 5.Bd3 Be7 6.O-O O-O 7.Re1 Bg4 8.d5 Nb8 9.Nbd2 a5 10.h3 Bh5 11.Nf1 Na6 12.Ng3 Bg6 13.Nh4 {Jobava,B (2683)-Benidze,D (2491) Ureki 2015} ) ( {Carlsen chose} 4...exd4 5.e5 Nd5 {Hou-Carlsen, Wijk an Zee 2013.} ) 5.d5 Ne7 6.Nxe5 Ng6 7.Qe2 Qe7 8.Qxe4 Qxe5 9.Qxe5+ Nxe5 10.Bf4 {This particular line has the reputation of an ultra solid weapon where White can hardly ever lose (or win). Jobava has his own way instead of the conventional development:} ( 10.Be2 Bc5 11.Nd2 d6 12.Nb3 Bb6 13.a4 a6 14.a5 Ba7 15.Nd4 Bxd4 16.cxd4 Nd7 {with slight advantage for White in Lu,S (2606)-Wang,H (2710) Xinghua 2015} ) 10...Bd6 11.Bg3 f5 12.Nd2 O-O 13.f4 {Boom, the novelty! White sacrifices a pawn! Not a move that the computer will suggest.} ( {All the twelve predecessors saw} 13.f3 {when after} 13...b6 14.O-O-O Bb7 15.Nc4 Nxc4 16.Bxc4 f4 17.Bf2 Rae8 {trades are about to happen along the e-file, and a handshake.} ) 13...Ng6 14.O-O-O Bxf4 ( 14...b6 $1 {was probably better. The pawn on f4 has nowhere to go. After} 15.Nc4 Bxf4+ 16.Bxf4 Nxf4 17.d6 {White has compensation for the pawn, but hardly more.} ) ( 14...Nxf4 $2 {is bad due to the simple} 15.Nc4 {when White regains the pawn and keeps pressure for free.} ) 15.d6 $1 {The point behind the sacrifice. Jobava tries to seal the bishop on c8.} 15...cxd6 ( {Another way to defend is} 15...Bxg3 $5 16.hxg3 ( 16.Bc4+ Kh8 17.hxg3 cxd6 18.Nf3 Ne5 19.Bd5 {makes sense as well.} ) 16...cxd6 17.Nf3 Ne5 18.Rxd6 Rf6 19.Rd4 Nxf3 20.gxf3 ( {Black can give back the pawn in case of a need-} 20.Bc4+ d5 21.Bxd5+ Be6 {with approximate equality.} ) 20...d6 {Just like the line above, White has compensation, but hardly advantage.} ) 16.Bxf4 Nxf4 17.g3 Nh5 {The other retreat seemed more natural} ( 17...Ne6 18.Nc4 d5 19.Rxd5 f4 20.Nd6 b6 {although it is not clear how will Black develop his bishop from b7.} ) 18.Nc4 $1 d5 $1 {A freeing attempt.} ( 18...b6 19.Nxd6 Rb8 20.Bc4+ Kh8 21.Rhf1 {is horrendous, while} ) ( 18...Nf6 19.Nxd6 Ne4 20.Bc4+ Kh8 21.Nxe4 fxe4 22.Bd5 {is a solid advantage for White.} ) 19.Nd6 $1 ( {Or else Saric will come out of the trouble} 19.Rxd5 Nf6 $1 ( 19...d6 $5 ) 20.Rd6 b5 ) 19...Nf6 20.Bg2 {Jobava is not interested in the f5-pawn. The blocked queenside is his mantra.} 20...Ne4 21.Rxd5 Nxd6 22.Rxd6 {A very pleasant situation for White. His four pieces are free in their motion and have the fun part beating the black king and rook.} 22...Re8 {If Black trades his last active piece} ( 22...Rf6 23.Rxf6 gxf6 {his position will get critical after either} 24.Rd1 ( 24.Rf1 {is not bad neither.} ) ) 23.Rf1 g6 24.Bd5+ Kh8 {Or else White will win two pawns after} ( 24...Kg7 25.Bxb7 Bxb7 26.Rxd7+ Kh6 27.Rxb7 ) 25.Kd2 a5 26.Rf4 {This prepares the next maneuver and discourages the queenside rook sortie.} 26...Re5 ( 26...Ra6 27.Rxa6 bxa6 28.Ra4 {regains the pawn for White and keeps stable advantage.} ) 27.Rc4 Rb8 28.Rc7 {Now the bishop is out of the picture for good and White is looking for the decisive improvement.} 28...b6 29.c4 {To free the other rook.} 29...Kg7 30.a4 ( {There is absolutely no need to force matters:} 30.Bb7 Rxb7 31.Rxb7 Bxb7 32.Rxd7+ Kh6 33.Rxb7 Re6 {when White is definitely better but Black has chances to survive.} ) ( 30.Bc6 $6 Rc5 ) 30...Kf8 ( 30...Re7 $5 {might have been more stubborn.} ) 31.Rf6+ Ke8 32.Ra7 {Zugzwang # 1! Only the e5-rook can move.} 32...Re7 ( 32...Ke7 33.Rf7+ Kd6 34.Rxh7 ) 33.h4 $1 {Once that the White pieces have been activated to the maximum, the pawns march forward in order to create weaknesses.} 33...Rg7 ( {Or} 33...Re5 34.h5 gxh5 35.Rh6 Re7 36.Rxh5 ) 34.Ke3 Ke7 35.Re6+ Kd8 36.Re5 h6 ( {Otherwise the king may get in} 36...h5 37.Kf4 {followed by Kf4-g5.} ) 37.Kd4 {Zugzwang #2! The white pawn cannot be stopped from breaking the kingside pawn structure.} 37...Rh7 ( 37...g5 38.h5 $1 f4 39.gxf4 gxf4 40.Rf5 ) 38.h5 $1 {The kingside collapses and the white pieces invade the opponent's camp.} 38...Rg7 39.hxg6 Rxg6 40.Re3 {The last move before the additional time made the win a bit complicated. The simplest solution was} ( 40.Rxf5 $1 Rxg3 41.Rf7 {followed by Rf7-h7-h8+ and Ra7-c7xc8.} ) 40...Rg7 41.Rf3 Rg6 42.Rxf5 Rxg3 43.Rf8+ Ke7 44.Rf7+ Kd6 {Or else the game might transpose to the winning line from above with} ( 44...Kd8 45.Rh7 Rh3 46.Rh8+ Ke7 47.Rc7 {trapping the bishop.} ) 45.Rf6+ Ke7 46.Rxh6 {Pawns are even, but four white pieces are still beating two. ..} 46...Rg4+ 47.Ke5 Rg5+ 48.Kf4 Rg1 49.Be4 Re1 50.b3 $1 {The final touch.} ( {The hasty} 50.Ke5 Bb7 $1 {would have ruined a true masterpiece:} 51.Rh7+ Kd8 52.Kd6 Rxe4 53.Rxd7+ Ke8 54.Raxb7 Rxb7 55.Rxb7 Rxc4 56.Rxb6 Rxa4 ) 50...Re2 51.Ke5 {Now White can.} 51...Kf7 ( 51...Bb7 {does not help this time as in the line} 52.Rh7+ Kd8 ( 52...Kf8 53.Rh8+ Ke7 54.Rxb8 Rxe4+ 55.Kf5 Bc6 56.Rxb6 ) 53.Kd6 Rxe4 54.Rxd7+ Ke8 55.Raxb7 {the c4 pawn is defended and White wins.} ) 52.Kd6 $1 Rxe4 53.Kc7 {A wonderful finish of a great game!} 53...Rb7+ 54.Rxb7 Bxb7 55.Kxb7 Re6 56.Rxe6 dxe6 57.Kxb6 e5 58.Kxa5 {The white king is still in the square of the e-pawn.} 1-0